Statistics for Maradona's Club Career

Click here to take the quiz!

General Stats

  • This quiz has been taken 223 times
  • The average score is 5 of 7

Answer Stats

YearsAppsGlsClub% Correct
1984-199118881Napoli
97%
1982-19843622Barcelona
95%
1981-19824028Boca Juniors
81%
1995-1997307Boca Juniors
81%
1992-1993265Sevilla
53%
1993-199450Newell's Old Boys
43%
1976-1981167116Argentinos Juniors
37%

Score Distribution

Percentile by Number Answered

Percent of People with Each Score

Your Score History

You have not taken this quiz